Madrid ... oder Barcelona? - Statistiken

Allgemein
  • Dieses Quiz wurde 91 mal gespielt
  • Das Durchschnittsergebnis liegt bei 10 aus 15
Antwortstatistiken
Frage Antwort % Korrekt
Ist die Hauptstadt von Spanien. Madrid
94%
Hier steht die Sagrada Família. Barcelona
88%
Der erfolgreichste Fußballverein aus dieser Stadt hat schon 15 mal die Champions League gewonnen. Madrid
88%
Hat schon die Olympischen Spiele ausgetragen, Barcelona
76%
Hat ein größeres U-Bahn-System. Madrid
71%
Liegt höher. Madrid
71%
Der Flughafen dieser Stadt ist nach einem spanischen Ministerpräsident benannt. Madrid
70%
Hat mehr Niederschlag. Barcelona
69%
Liegt nördlicher. Barcelona
65%
Ist Europas größte Agglomeration mit diesem Buchstaben. Barcelona
62%
Hier befindet sich der Sitz von Telefónica. Madrid
57%
Liegt auf dem selben Längengrad wie Paris. Barcelona
55%
Liegt näher am Nullmeridian. Barcelona
52%
Wurde früher gegründet. Barcelona
51%
Hat mehr Touristen. Madrid
12%
Keine übereinstimmenden Quizze gefunden
Verteilung der Resultate
Anzahl Personen mit jedem Resultat
Perzentil nach korrekt beantworteten Fragen
Ihre Resultats-Entwicklung
Sie haben dieses Quiz noch nicht gespielt